Description of the first troglobitic species of the genus Phrynus (<Amblypygi: Prynidae>) from Cuba (Registro nro. 10043)

Detalles MARC
000 -CABECERA
Campo de control 006250000a22001810004500
090 ## - CLASIFICACIÓN LOCAL
Colección AR
Consecutivo 00955
041 0# - IDIOMA
Código de idioma para texto/pista de sonido o título separado
100 1# - ASIENTO PRINCIPAL--NOMBRE PERSONAL
Nombre personal De Armas, Luis F.
245 10 - MENCION DE TITULO
Título Description of the first troglobitic species of the genus Phrynus (<Amblypygi: Prynidae>) from Cuba
246 3# - FORMA VARIANTE DEL TITULO
Título propiamente dicho/forma breve del título Descripción de la primera especie troglobia del género Phrynus (<Amblypygi: Phrynidae>) de Cuba
650 14 - ASIENTO SECUNDARIO DE MATERIA - TERMINO TEMATICO
Término temático o nombre geográfico como elemento de entrada Troglobios
650 14 - ASIENTO SECUNDARIO DE MATERIA - TERMINO TEMATICO
Término temático o nombre geográfico como elemento de entrada Amblipígidos
650 14 - ASIENTO SECUNDARIO DE MATERIA - TERMINO TEMATICO
Término temático o nombre geográfico como elemento de entrada Bioespeleología
651 #4 - ASIENTO SECUNDARIO DE MATERIA - NOMBRE GEOGRAFICO
-- Antillas
700 1# - ASIENTO SECUNDARIO - NOMBRE PERSONAL
Nombre personal Pérez, Abel
773 1# - Item fuente:
Título Avicennia
Especificación de materiales 341
Descripción física 1
Paginas del Articulo 7-11
Lugar, editorial y fecha de publicación 1994
942 ## - ELEMENTOS ADICIONALES (KOHA)
Tipo de ítem Artículo
Existencias
Withdrawn status Lost status Damaged status No para préstamo Colección Ubicación Permanente Ubicación actual Fecha de adquisición Fuente de Valor Datos de publicación Seriada Total Checkouts Número topográfico Inventario / Código de Barras Date last seen Ejemplar Price effective from Forma de adquisición Tipo de material
      No para Préstamo Hemeroteca Bogotá Bogotá 27/02/2015 Muñoz Saba, Yaneth Fuera de circulación   AR 00955 011254 25/03/2015 1 25/03/2015   Artículo